00514 2200181 4500001002100000005001500021035002000036245006800056100001200124250001700136300002800153260003900181082001000220084001600230020002200246600001000268520005400278INLIS00000000000085420250109011929 a0010-01250000271 aEnsiklopedia Ilmu Pengetahuan dan Teknologi :bFosil /cSucipto0 aSucipto aCetakan ke-1 a56 hlm :bIlus ;c21 cm aBekasi :bUranus Publishing,c2011 a560.3 a560.3 SUC e a978-602-863-776-3 4afosil aEnsiklopedia Ilmu Pengetahuan dan Teknologi Fosil